[Event "Berlin-ch Seniors op 23rd"]
[Site "Berlin"]
[Date "2007.02.13"]
[Round "9"]
[White "Mueller, Guenter1111"]
[Black "Ermann, Zinonovi"]
[Result "1/2-1/2"]
[WhiteElo "1603"]
[BlackElo "1682"]
[PlyCount "47"]
[EventDate "2007.02.05"]
[EventType "swiss"]
[EventRounds "9"]
[EventCountry "GER"]
[SourceTitle "EXT 2022"]
[Source "ChessBase"]
[SourceDate "2021.10.06"]
[SourceVersion "1"]
[SourceVersionDate "2021.10.06"]
[SourceQuality "1"]

1. d4 Nf6 2. c4 d6 3. Nc3 Bf5 4. Nf3 h6 5. g3 Nbd7 6. Bg2 c6 7. 0-0 e6 8. h3 Be7 9. Re1 d5 10. cxd5 exd5 11. a3 Ne4 12. Nxe4 Bxe4 13. Bf4 g5 14. Bd2 Bd6 15. Rc1 0-0 16. Qb3 Rb8 17. Bb4 Nb6 18. Bxd6 Qxd6 19. Ne5 Bxg2 20. Kxg2 Kg7 21. Rc3 f6 22. Nf3 Rbc8 23. Rec1 Qd7 24. Nd2 1/2-1/2